000 00616cam a22002053a 4500
001 45038
003 PGUSA
005 20140828084029.0
008 140228s2014||||xxu|||||s|||||000 | eng d
040 _aPGUSA
_beng
042 _adc
100 1 _aBlackmore, R. D.
_q(Richard Doddridge),
_d1825-1900
245 1 0 _aPerlycross :
_bA Tale of the Western Hills
_h[electronic resource] /
_cR. D. Blackmore
260 _bProject Gutenberg,
_c2014
506 _aPublic domain in the USA.
516 _aElectronic text
830 0 _aProject Gutenberg
_v45038
856 4 0 _uhttp://www.gutenberg.org/ebooks/45038
942 _cEB
999 _c274289
_d274289